000 00739nam a2200229Ii 4500
003 JO-AjNU
008 230605s9999||||xx |||||||||||||| ||und||
017 _a2007/9/2852
020 _a978-9957-24-324-1
040 _aJO-AjNU
_bara
_erda
_cJO-AjNU
041 _aara
050 1 4 _aBF636.6.K435.2008
100 3 _aالخالدي،عطا الله فؤاد/اعداد,
_eauthor
_930952
245 0 0 _aقضايا إرشادية معاصرة
250 _aط1
264 3 1 _aعمان:دار صفاء للنشر والتوزيع ،2008
300 _a328ص
336 _atext
_btxt
_2rdacontent
337 _aunmediated
_bn
_2rdamedia
338 _avolume
_bnc
_2rdacarrier
650 4 _aالارشاد النفسي-علم النفس
_930953
999 _aA12327
_c15895
_d15895